Voitures célèbres - Statistiques

Statistiques générales
  • Ce quiz a été pris 450 fois
  • Le résultat moyen est 6 sur 19
Statistiques - réponses
Indice Type de quiz Voiture % Correct
James Bond Marque Aston Martin
85%
Retour vers le Futur Marque DeLorean
78%
Voiture de Batman Surnom Batmobile
75%
Voiture dans les films Taxi Modèle Peugeot 406
67%
Bumblebee dans Transformers Modèle Chevrolet Camaro
51%
Conçue à la demande d'Adolf Hitler Modèle Coccinelle
37%
Voiture de Steve McQueen dans Bullit Modèle Ford Mustang GT
37%
Voiture de SOS fantôme Marque Cadillac
29%
Voiture de James Dean Marque Porsche
22%
Voiture de Braquage à l'Italienne Modèle Mini Cooper
19%
Voiture de La Folle Journée de Ferris Bueller Marque Ferrari
18%
Voiture de Shérif, fais-moi peur Modèle Dodge Charger
17%
Van de Scooby-Doo Surnom Mistery Machine
15%
Voiture de Shérif, fais-moi peur Surnom General Lee
8%
Voiture de MadMax Surnom Interceptor
3%
Voiture de Bryan dans Familly Guy Modèle Toyota Prius
3%
Voiture de MadMax Modèle Ford Falcon
2%
Voiture des Simpsons Modèle Canyonero
1%
Voiture de Ryan Gosling dans Drive Modèle Chevrolet Malibu
1%
Aucun quiz correspondant
Distribution des résultats
% des personnes avec chaque résultat
Percentile par nombre de réponses
Votre historique - résultats
Vous n’avez pas pris ce quiz